| 000 | 00471nam a22001457a 4500 | ||
|---|---|---|---|
| 020 | _a978-616-90279-6-6 | ||
| 082 |
_a200 _bCHA/O |
||
| 100 | _aCHAH, AJAHN | ||
| 245 | _aON MEDITATION | ||
| 260 |
_aTHAILAND _bWAT PAH NANACHAT _c2010 |
||
| 300 | _a38 | ||
| 520 | _aWHICHEVER APPROACH WE USE FOR MEDITATION, WE NEED TO DO AWAY WITH WRONG THINKING, LEAVING ONLY RIGHT VIEW. WE NEED TO GET RID OF CONFUSION, LEAVING ONLY PEACE. | ||
| 650 |
_aRELIGIOUS _zTHAILAND |
||
| 942 | _cBK | ||
| 999 |
_c5077 _d5077 |
||